Biometrical methods in quantitative genetic analysis (Record no. 36678)

MARC details
000 -LEADER
fixed length control field 00309nam a2200121Ia 4500
082 ## - DEWEY DECIMAL CLASSIFICATION NUMBER
Classification number 575:578.087
Item number SIN
100 ## - MAIN ENTRY--AUTHOR NAME
Personal name SINGH, R K
245 #0 - TITLE STATEMENT
Title Biometrical methods in quantitative genetic analysis
260 ## - PUBLICATION, DISTRIBUTION, ETC. (IMPRINT)
Place of publication Ludhiana
Name of publisher Kalyani
Year of publication 1977
650 ## - SUBJECT ADDED ENTRY--TOPICAL TERM
Topical Term Genetic analysis
700 ## - ADDED ENTRY--PERSONAL NAME
Personal name CHAUDHARY, B D
942 ## - ADDED ENTRY ELEMENTS (KOHA)
Koha item type Books
Holdings
Withdrawn status Lost status Damaged status Not for loan Home library Current library Date acquired Full call number Accession Number Koha item type
        RRII Library RRII Library 16/12/2021 575:578.087 SIN 17079 Books